Statistics for World Capitals Closest to Washington DC; A to Z

Click here to take the quiz!

General Stats

  • This quiz has been taken 417 times
  • The average score is 14 of 24

Answer Stats

Letter Capital % Correct
OOttawa
95%
MMexico City
95%
HHavana
90%
NNassau
81%
PPort-au-Prince
80%
GGuatemala City
79%
QQuito
75%
SSanto Domingo
75%
KKingston
75%
BBelmopan
68%
LLima
62%
TTegucigalpa
61%
DDublin
52%
RRoseau
52%
CCastries
49%
ZZagreb
48%
UUlan Bator
39%
WWarsaw
34%
AAmsterdam
30%
IIslamabad
27%
FFreetown
26%
JJerusalem
24%
VVaduz
23%
YYamoussoukro
23%

Score Distribution

Percentile by Number Answered

Percent of People with Each Score

Your Score History

You have not taken this quiz